| 000 | 00802aam a2200277 4500 | ||
|---|---|---|---|
| 005 | 20161011182120.0 | ||
| 008 | 150623b xxu||||| |||| 00| 0 spa d | ||
| 041 | _aEspañol | ||
| 082 | _a658.022 P434r | ||
| 100 |
_aPererini, Carlos Cesar _926193 |
||
| 100 |
_aOrtiz, Adolfo Alberto _926194 |
||
| 245 | _aRecursos humanos en las PYMES: hacia la competitividad | ||
| 260 | _aArgentina | ||
| 260 | _bMcGraw-Hill | ||
| 260 | _c2002 | ||
| 300 | _a651 páginas | ||
| 650 |
_aPEQUEÑA EMPRESA _92678 |
||
| 650 |
_aMEDIANA EMPRESA _97342 |
||
| 650 |
_aADMINISTRACIÓN DE EMPRESAS _9521 |
||
| 650 |
_aRECURSOS HUMANOS _926195 |
||
| 650 |
_aSUPERVISIÓN _96152 |
||
| 650 |
_aSEGURIDAD LABORAL _93039 |
||
| 650 |
_aADMINISTRACIÓN DE PERSONAL _9171 |
||
| 650 |
_aLEGISLACIÓN _94 |
||
| 942 | _cBK | ||
| 999 |
_c1437 _d1437 |
||